<?xml version="1.0" encoding="UTF-8"?>
<record
    xmlns:xsi="http://www.w3.org/2001/XMLSchema-instance"
    xsi:schemaLocation="http://www.loc.gov/MARC21/slim http://www.loc.gov/standards/marcxml/schema/MARC21slim.xsd"
    xmlns="http://www.loc.gov/MARC21/slim">

  <leader>01881nab a2200253uuc4500</leader>
  <controlfield tag="001">1221816</controlfield>
  <controlfield tag="005">20240202100523.0</controlfield>
  <controlfield tag="008">101027s2010                        spa  </controlfield>
  <datafield tag="035" ind1=" " ind2=" ">
    <subfield code="a">1221816</subfield>
  </datafield>
  <datafield tag="040" ind1=" " ind2=" ">
    <subfield code="c">comduadb</subfield>
  </datafield>
  <datafield tag="041" ind1=" " ind2=" ">
    <subfield code="a">spa</subfield>
  </datafield>
  <datafield tag="100" ind1="1" ind2="0">
    <subfield code="a">Estrada, Monica</subfield>
    <subfield code="4">aut</subfield>
    <subfield code="e">aut</subfield>
    <subfield code="9">596387</subfield>
  </datafield>
  <datafield tag="245" ind1="1" ind2="0">
    <subfield code="a">Diagn&#xF3;stico prenatal ecogr&#xE1;fico de catarata en un caso de toxoplasmosis cong&#xE9;nita, Quindi&#xF3; (Colombia)</subfield>
  </datafield>
  <datafield tag="260" ind1=" " ind2=" ">
    <subfield code="c">2010.</subfield>
  </datafield>
  <datafield tag="520" ind1="3" ind2=" ">
    <subfield code="a">Introducci&#xF3;n: el diagn&#xF3;stico de catarata por ecograf&#xED;a prenatal es un hallazgo poco frecuente y se ha reportado a&#xFA;n con menor frecuencia en casos de infecciones cong&#xE9;nitas. El presente reporte describe un caso de catarata cong&#xE9;nita durante una infecci&#xF3;n por Toxoplasma en el embarazo. Los estudios prenatales y posnatales confirmaron la etiolog&#xED;a. Metodolog&#xED;a: estudio de caso y revisi&#xF3;n de literatura. Se hizo b&#xFA;squeda en PubMed de MEDLInE con los t&#xE9;rminos sin restricci&#xF3;n: &#x93;ultrasonido&#x94;, &#x93;ultrasonograf&#xED;a&#x94;, &#x93;cataratas&#x94; y &#x93;prenatal&#x94;. Resultados: se hallaron 43 referencias. S&#xF3;lo uno de los documentos reportaba hallazgo de catarata por ecograf&#xED;a prenatal en toxoplasmosis cong&#xE9;nita. Conclusi&#xF3;n: la b&#xFA;squeda cuidadosa de compromiso ocular durante el estudio ecogr&#xE1;fico en la toxoplasmosis adquirida durante el embarazo deber&#xED;a ser un componente clave del estudio ecogr&#xE1;fico durante esta infecci&#xF3;n.</subfield>
  </datafield>
  <datafield tag="650" ind1=" " ind2=" ">
    <subfield code="a">Toxoplasma</subfield>
    <subfield code="9">72693</subfield>
  </datafield>
  <datafield tag="650" ind1=" " ind2=" ">
    <subfield code="a">Ultrasonograf&#xED;a</subfield>
    <subfield code="9">69459</subfield>
  </datafield>
  <datafield tag="650" ind1=" " ind2=" ">
    <subfield code="a">Catarata</subfield>
    <subfield code="9">39828</subfield>
  </datafield>
  <datafield tag="650" ind1=" " ind2=" ">
    <subfield code="a">Toxoplasmosis cong&#xE9;nita</subfield>
    <subfield code="9">72691</subfield>
  </datafield>
  <datafield tag="700" ind1="1" ind2="0">
    <subfield code="a">De la Torre, Alejandra</subfield>
    <subfield code="4">aut</subfield>
    <subfield code="e">aut</subfield>
    <subfield code="9">598347</subfield>
  </datafield>
  <datafield tag="700" ind1="1" ind2="0">
    <subfield code="a">G&#xF3;mez Mar&#xED;n, Jorge Enrique</subfield>
    <subfield code="4">aut</subfield>
    <subfield code="0">(isni)0000 0003 7135 6306</subfield>
    <subfield code="0">(viaf)250921630</subfield>
    <subfield code="e">aut</subfield>
    <subfield code="9">328869</subfield>
  </datafield>
  <datafield tag="773" ind1="0" ind2=" ">
    <subfield code="t">Revista Colombiana de Obstetricia y Ginecolog&#xED;a (Bogot&#xE1;)</subfield>
    <subfield code="g">Volumen 61, N&#xFA;mero 03, Julio-Septiembre 2010. 60 a&#xF1;os, 267-272</subfield>
    <subfield code="w">388877</subfield>
    <subfield code="x">0034-7434</subfield>
    <subfield code="0">110890</subfield>
  </datafield>
  <datafield tag="942" ind1=" " ind2=" ">
    <subfield code="c">ARIMP</subfield>
  </datafield>
  <datafield tag="999" ind1=" " ind2=" ">
    <subfield code="c">569940</subfield>
    <subfield code="d">569940</subfield>
  </datafield>
</record>
